[Event "Deizisau Autumn op 16th"]
[Site "Deizisau"]
[Date "2022.10.31"]
[Round "5"]
[White "Hamid, Emran"]
[Black "Albert, Markus1111"]
[Result "0-1"]
[WhiteElo "2206"]
[BlackElo "2129"]
[PlyCount "114"]
[EventDate "2022.10.29"]
[EventType "swiss"]
[EventRounds "7"]
[EventCountry "GER"]
[SourceTitle "EXT 2024"]
[Source "ChessBase"]
[SourceDate "2023.10.10"]
[SourceVersion "1"]
[SourceVersionDate "2023.10.10"]
[SourceQuality "1"]

1. e4 e5 2. Nf3 Nc6 3. Bc4 Nf6 4. d3 Be7 5. 0-0 0-0 6. Re1 d6 7. c3 Kh8 8. h3 Qe8 9. d4 Ng8 10. dxe5 dxe5 11. Nbd2 a6 12. b4 f6 13. Nf1 Bd6 14. Ng3 Nge7 15. Nh4 b5 16. Bf1 a5 17. Bxb5 axb4 18. c4 Qf7 19. Bxc6 Nxc6 20. Nhf5 Rd8 21. Qd5 Qe8 22. Qd1 Bf8 23. Qc2 Be6 24. Bb2 Qf7 25. Ne3 Na5 26. Rec1 Bc5 27. Ngf1 c6 28. Kh2 Qb7 29. Qe2 Rd7 30. Qc2 Qb6 31. Nd5 Qa7 32. Qa4 Qb7 33. Qc2 Rad8 34. Qa4 Ra8 35. Qc2 Bf7 36. Nde3 Qb6 37. Qa4 Rda7 38. Qc2 Nb7 39. Qb3 Bxe3 40. Nxe3 Nc5 41. Qc2 Rxa2 42. Rxa2 Rxa2 43. Ra1 b3 44. Qb1 Qa7 45. Nf5 g6 46. Nd6 Be6 47. f4 Rxa1 48. Bxa1 Qa2 49. Qg1 Nd7 50. Qc1 exf4 51. Bb2 Kg8 52. Kh1 Ne5 53. Qxf4 Qxb2 54. Ne8 Qa1+ 55. Kh2 Nd7 56. Qh6 Qe5+ 57. Kh1 Kf7 0-1

[Event "BL2-Sued 2122"]
[Site "Germany"]
[Date "2022.03.06"]
[Round "2.8"]
[White "Kuehn, Kolja"]
[Black "Hamid, Emran"]
[Result "1/2-1/2"]
[WhiteElo "2140"]
[BlackElo "2186"]
[PlyCount "82"]
[EventDate "2022.03.05"]
[EventType "team-tourn"]
[EventRounds "10"]
[EventCountry "GER"]
[SourceTitle "EXT 2023"]
[Source "ChessBase"]
[SourceDate "2022.10.05"]
[SourceVersion "1"]
[SourceVersionDate "2022.10.05"]
[SourceQuality "1"]
[WhiteTeam "Oetigheim"]
[BlackTeam "Eppingen"]
[WhiteTeamCountry "GER"]
[BlackTeamCountry "GER"]

1. e4 c5 2. Nf3 Nc6 3. Bb5 g6 4. Bxc6 dxc6 5. d3 Bg7 6. h3 Nf6 7. Nc3 Nd7 8. Be3 e5 9. Qd2 h6 10. 0-0 Qe7 11. Nh2 Nf8 12. f4 exf4 13. Bxf4 Ne6 14. Bg3 Nd4 15. Rae1 0-0 16. e5 Bf5 17. Ne4 Bxe4 18. Rxe4 Nf5 19. Bf4 Kh7 20. c3 Qe6 21. Ng4 Rad8 22. Nxh6 Nxh6 23. Bxh6 Bxh6 24. Rh4 g5 25. Qxg5 Qg6 26. Qe7 Rde8 27. Qxc5 Qg5 28. Qb4 c5 29. Qc4 f5 30. exf6 Rxf6 31. Rxf6 Qxf6 32. Re4 Rf8 33. Qxc5 Qf1+ 34. Kh2 Bf4+ 35. g3 Bxg3+ 36. Kxg3 Rf3+ 37. Kh4 Qxh3+ 38. Kg5 Qh6+ 39. Kg4 Qh3+ 40. Kg5 Qh6+ 41. Kg4 Qh3+ 1/2-1/2

[Event "BL2-Sued 2122"]
[Site "Germany"]
[Date "2022.03.05"]
[Round "1.8"]
[White "Hamid, Emran"]
[Black "Trifan, Andrei Ioan"]
[Result "1/2-1/2"]
[WhiteElo "2186"]
[BlackElo "2239"]
[PlyCount "137"]
[EventDate "2022.03.05"]
[EventType "team-tourn"]
[EventRounds "10"]
[EventCountry "GER"]
[SourceTitle "EXT 2023"]
[Source "ChessBase"]
[SourceDate "2022.10.05"]
[SourceVersion "1"]
[SourceVersionDate "2022.10.05"]
[SourceQuality "1"]
[WhiteTeam "Eppingen"]
[BlackTeam "Baden-Baden II"]
[WhiteTeamCountry "GER"]
[BlackTeamCountry "GER"]

1. e4 e5 2. Nf3 Nc6 3. Bc4 Bc5 4. 0-0 d6 5. c3 Nf6 6. d3 a6 7. a4 Ba7 8. Re1 h6 9. Nbd2 0-0 10. h3 Nh5 11. Nf1 Qf6 12. Be3 Bxe3 13. Nxe3 Nf4 14. Kh2 Ne7 15. Ng1 c6 16. g3 d5 17. Bb3 Nfg6 18. Qf3 Qxf3 19. Nxf3 Be6 20. Bc2 f5 21. exd5 cxd5 22. Ng2 e4 23. Nd4 Bd7 24. f3 exd3 25. Bxd3 Nc6 26. f4 Nxd4 27. cxd4 Kf7 28. Bc2 Ne7 29. Bb3 Be6 30. Nh4 Nc6 31. Nf3 Kf6 32. a5 Rac8 33. h4 Rfd8 34. Re2 Bf7 35. Rd2 Bh5 36. Ne5 g5 37. hxg5+ hxg5 38. Kg2 gxf4 39. gxf4 Rc7 40. Kf2 Be8 41. Nxc6 Bxc6 42. Rh1 Rg7 43. Rh6+ Kf7 44. Rh5 Rdg8 45. Rxf5+ Ke6 46. Re5+ Kd6 47. Rde2 Rg4 48. Re6+ Kc7 49. Rf6 Rg1 50. Rf7+ Kb8 51. f5 R8g2+ 52. Kf3 Rg3+ 53. Kf4 Rxb3 54. Rf2 Kc8 55. Ke5 Kd8 56. Kd6 Be8 57. Rf8 Rc1 58. f6 Rc6+ 59. Ke5 Kd7 60. f7 Re6+ 61. Kxd5 Rb5+ 62. Kc4 Rxa5 63. fxe8Q+ Rxe8 64. R2f7+ Re7 65. Rxe7+ Kxe7 66. Rh8 Ra4+ 67. Kc5 Ra5+ 68. Kc4 Ra4+ 69. Kc5 1/2-1/2

[Event "Verbandsliga Nordbaden 1920"]
[Site "Baden"]
[Date "2021.07.25"]
[Round "9.1"]
[White "Hartmann, Martin"]
[Black "Hamid, Emran"]
[Result "1/2-1/2"]
[WhiteElo "2134"]
[BlackElo "2158"]
[PlyCount "89"]
[EventDate "2019.09.29"]
[EventType "team-tourn"]
[EventRounds "9"]
[EventCountry "GER"]
[SourceTitle "EXT 2021"]
[Source "ChessBase"]
[SourceDate "2020.10.23"]
[SourceVersion "1"]
[SourceVersionDate "2020.10.23"]
[SourceQuality "1"]
[WhiteTeam "Pforzheim"]
[BlackTeam "Eppingen II"]
[WhiteTeamCountry "GER"]
[BlackTeamCountry "GER"]

1. e4 c5 2. Nf3 Nc6 3. d4 cxd4 4. Nxd4 Nf6 5. Nc3 e5 6. Ndb5 h6 7. Bc4 d6 8. a4 a6 9. Na3 Be6 10. Be3 Rc8 11. Qe2 Na5 12. Bd5 Bxd5 13. Nxd5 Nxd5 14. exd5 Qc7 15. 0-0 Nc4 16. Nxc4 Qxc4 17. Qf3 Be7 18. b3 Qc3 19. Qg4 g6 20. Bd2 h5 21. Qe2 Qc5 22. c4 f5 23. Rfc1 a5 24. b4 axb4 25. Rab1 Kf7 26. Rxb4 Rc7 27. Rcb1 f4 28. g3 g5 29. Qe4 Kf6 30. gxf4 gxf4 31. Bxf4 Qd4 32. Qxd4 exd4 33. Rxb7 Rhc8 34. a5 Rxb7 35. Rxb7 Rxc4 36. a6 Ra4 37. a7 Kf5 38. Rxe7 Kxf4 39. Kf1 Kf3 40. Ke1 h4 41. Rh7 Ke4 42. Rxh4+ Kd3 43. Rh3+ Kc2 44. Rh4 Kd3 45. Rh3+ 1/2-1/2

[Event "BL2-Sued 1819"]
[Site "Germany"]
[Date "2018.11.10"]
[Round "1.8"]
[White "Hamid, Emran"]
[Black "Weidemann, Joerg"]
[Result "1/2-1/2"]
[WhiteElo "2182"]
[BlackElo "2280"]
[PlyCount "62"]
[EventDate "2018.11.10"]
[EventType "team-tourn"]
[EventRounds "10"]
[EventCountry "GER"]
[SourceTitle "CBM 190 Extra"]
[Source "ChessBase"]
[SourceDate "2019.07.15"]
[SourceVersion "1"]
[SourceVersionDate "2019.07.15"]
[SourceQuality "1"]
[WhiteTeam "Eppingen"]
[BlackTeam "Emmendingen"]
[WhiteTeamCountry "GER"]
[BlackTeamCountry "GER"]

1. e4 c5 2. Nf3 g6 3. c4 Nc6 4. d4 cxd4 5. Nxd4 Nf6 6. Nc3 Nxd4 7. Qxd4 d6 8. Be2 Bg7 9. 0-0 0-0 10. Qd3 Be6 11. Be3 Nd7 12. b3 Nc5 13. Qc2 a6 14. Rad1 Rc8 15. Nd5 Re8 16. b4 Bxd5 17. Rxd5 Nd7 18. Rd2 Qc7 19. Qb3 Qc6 20. f3 a5 21. a3 axb4 22. axb4 Ra8 23. Rfd1 b6 24. c5 bxc5 25. Bc4 Ne5 26. Bd5 Qa4 27. Qxa4 Rxa4 28. bxc5 e6 29. Ba2 Rea8 30. cxd6 Rxa2 31. d7 Nxd7 1/2-1/2

[Event "Deizisau op 13th"]
[Site "Deizisau"]
[Date "2018.10.28"]
[Round "5"]
[White "Amtmann, Florian"]
[Black "Hamid, Emran"]
[Result "1-0"]
[WhiteElo "2087"]
[BlackElo "2194"]
[PlyCount "119"]
[EventDate "2018.10.26"]
[EventType "swiss"]
[EventRounds "7"]
[EventCountry "GER"]
[SourceTitle "CBM 187 Extra"]
[Source "ChessBase"]
[SourceDate "2018.11.04"]
[SourceVersion "1"]
[SourceVersionDate "2018.11.04"]
[SourceQuality "1"]

1. e4 c5 2. d4 cxd4 3. c3 dxc3 4. Nxc3 Nc6 5. Nf3 d6 6. Bc4 a6 7. 0-0 Nf6 8. Be3 e6 9. Qe2 Be7 10. Rfd1 Qa5 11. a3 0-0 12. b4 Qh5 13. Qc2 Ne5 14. Nxe5 dxe5 15. f3 b5 16. Be2 Bb7 17. Qb2 Bc6 18. a4 bxa4 19. Nxa4 Bb5 20. Bxb5 axb5 21. Nc5 Rad8 22. Qe2 Rxd1+ 23. Rxd1 Rb8 24. Na6 Ra8 25. Qxb5 h6 26. Qb7 Rxa6 27. Qxa6 Bxb4 28. Qb5 Bc3 29. Qc5 Bb2 30. Rd2 Ba1 31. Qa5 Bd4 32. Bxd4 exd4 33. Qxh5 Nxh5 34. Rxd4 g6 35. Ra4 Nf6 36. g4 g5 37. Kg2 Kg7 38. Kg3 h5 39. h4 gxh4+ 40. Kxh4 hxg4 41. e5 Nd5 42. Rxg4+ Kf8 43. Kg5 Ke7 44. f4 Kd7 45. Rg1 Ke7 46. Ra1 Ne3 47. Ra7+ Kf8 48. Rd7 Kg7 49. Rd3 Nf5 50. Rd1 Ne7 51. Rg1 Kf8 52. Kh6 Nd5 53. Rf1 Ne3 54. Rf3 Nd5 55. Kh7 Ne7 56. Ra3 Nd5 57. Ra4 Nb6 58. Rd4 Ke7 59. Kg7 Nd7 60. Rxd7+ 1-0

[Event "Deizisau op 13th"]
[Site "Deizisau"]
[Date "2018.10.27"]
[Round "3"]
[White "Becker, Matthias1111"]
[Black "Hamid, Emran"]
[Result "1/2-1/2"]
[WhiteElo "2283"]
[BlackElo "2194"]
[PlyCount "94"]
[EventDate "2018.10.26"]
[EventType "swiss"]
[EventRounds "7"]
[EventCountry "GER"]
[SourceTitle "CBM 187 Extra"]
[Source "ChessBase"]
[SourceDate "2018.11.04"]
[SourceVersion "1"]
[SourceVersionDate "2018.11.04"]
[SourceQuality "1"]

1. d4 Nf6 2. Nf3 e6 3. e3 b6 4. Bd3 Bb7 5. 0-0 Be7 6. c4 0-0 7. Nc3 d5 8. b3 dxc4 9. Bxc4 c5 10. Qe2 a6 11. Rd1 Qc7 12. Bb2 b5 13. Bd3 cxd4 14. Nxd4 Nc6 15. Nxc6 Qxc6 16. Qf1 Rfd8 17. Rac1 Qb6 18. Rc2 Rac8 19. Qe2 Rc7 20. Rcd2 Rxc3 21. Bxc3 Qc6 22. Qf3 Qc8 23. Qe2 Qxc3 24. Bxh7+ Kxh7 25. Rxd8 Bxd8 26. Rxd8 Qc1+ 27. Rd1 Qc6 28. f3 Nd5 29. Qd3+ g6 30. Qd4 Qc7 31. e4 e5 32. Qf2 Nf4 33. h3 Kg7 34. Kh2 a5 35. Rd2 Ne6 36. Rc2 Qe7 37. Qa7 Nd4 38. Rf2 Nc6 39. Qb6 b4 40. Rc2 Qd7 41. Rc5 Kg8 42. Rd5 Qe7 43. Rb5 Qf6 44. Qxb7 Qf4+ 45. Kh1 Qc1+ 46. Kh2 Qf4+ 47. Kh1 Qc1+ 1/2-1/2

[Event "BL2-Sued 1718"]
[Site "Germany"]
[Date "2017.10.22"]
[Round "2.8"]
[White "Schaefer, Michael"]
[Black "Hamid, Emran"]
[Result "0-1"]
[WhiteElo "2197"]
[BlackElo "2171"]
[PlyCount "120"]
[EventDate "2017.10.21"]
[EventType "team-tourn"]
[EventRounds "10"]
[EventCountry "GER"]
[SourceTitle "CBM 183 Extra"]
[Source "ChessBase"]
[SourceDate "2018.04.19"]
[SourceVersion "1"]
[SourceVersionDate "2018.04.19"]
[SourceQuality "1"]
[WhiteTeam "Moerlenbach Birkenau"]
[BlackTeam "Eppingen"]
[WhiteTeamCountry "GER"]
[BlackTeamCountry "GER"]

1. d4 Nf6 2. c4 e6 3. Nc3 Bb4 4. g3 Nc6 5. Nf3 0-0 6. Bg2 d6 7. 0-0 Bxc3 8. bxc3 e5 9. dxe5 dxe5 10. Rb1 Qxd1 11. Rxd1 Rb8 12. Ng5 Bf5 13. e4 Bg6 14. f3 h6 15. Nh3 Rfd8 16. Be3 Nd7 17. c5 f6 18. Rd2 Bf7 19. Bf1 Kf8 20. Bb5 Ke7 21. Nf2 Na5 22. Rb4 Nf8 23. Rdb2 Ne6 24. Be2 b6 25. Ba6 Nc6 26. Rb5 Ng5 27. f4 Nh7 28. R5b3 Bxb3 29. axb3 b5 30. c4 bxc4 31. Bxc4 Na5 32. Bd5 c6 33. Bd2 Rb5 34. Bxa5 Rxa5 35. Bxc6 Rxc5 36. Bd5 exf4 37. gxf4 Nf8 38. Ra2 Rd7 39. Nd3 Rc3 40. Nb4 Ng6 41. Nc6+ Kf8 42. f5 Ne7 43. Nxe7 Kxe7 44. Ra6 Rc2 45. h4 Rdc7 46. Bc4 Kd8 47. Kh1 Kc8 48. Kg1 Kb7 49. Re6 a5 50. Bd5+ Ka7 51. Bc4 Kb7 52. Bd5+ Kb8 53. Ra6 Ra7 54. Rb6+ Kc7 55. Re6 Kd7 56. Bc4 Rxc4 57. bxc4 a4 58. Rb6 a3 59. Rb1 a2 60. Ra1 Kc6 0-1

[Event "Baden-ch op"]
[Site "Walldorf"]
[Date "2017.07.29"]
[Round "6"]
[White "Schrems, Hermann"]
[Black "Hamid, Emran"]
[Result "0-1"]
[WhiteElo "2080"]
[BlackElo "2143"]
[PlyCount "104"]
[EventDate "2017.07.26"]
[EventType "swiss"]
[EventRounds "7"]
[EventCountry "GER"]
[SourceTitle "CBM 179 Extra"]
[Source "ChessBase"]
[SourceDate "2017.08.23"]
[SourceVersion "1"]
[SourceVersionDate "2017.08.23"]
[SourceQuality "1"]

1. d4 Nf6 2. c4 e6 3. g3 Bb4+ 4. Bd2 Qe7 5. Nf3 Nc6 6. Nc3 d6 7. Bg2 Bxc3 8. Bxc3 Ne4 9. Rc1 0-0 10. 0-0 Nxc3 11. Rxc3 e5 12. d5 Nb8 13. Qc2 a5 14. c5 Na6 15. cxd6 cxd6 16. a3 Bd7 17. Rc1 a4 18. Bf1 Nc5 19. Nd2 f5 20. e3 Rac8 21. Nc4 Ne4 22. Nb6 Rc5 23. Nxd7 Qxd7 24. Rxc5 Nxc5 25. Qc4 Qf7 26. Qh4 h6 27. Be2 Kh7 28. Rd1 g5 29. Qb4 f4 30. exf4 gxf4 31. Qe1 Kh8 32. Bb5 Qf5 33. Qe2 e4 34. Kh1 fxg3 35. fxg3 Qf2 36. Qh5 Qf3+ 37. Qxf3 Rxf3 38. Bf1 Rf2 39. Rb1 Kg7 40. Kg1 Rd2 41. Bc4 Rc2 42. b4 axb3 43. Bxb3 Rc3 44. Bd1 Rxa3 45. Bh5 Kf6 46. Rf1+ Ke5 47. Bf7 b5 48. g4 b4 49. Rf5+ Kd4 50. Rf6 b3 51. Rxd6 b2 52. Rb6 Rb3 0-1

[Event "Baden-ch op"]
[Site "Walldorf"]
[Date "2017.07.28"]
[Round "3"]
[White "Pitic, Jasmin"]
[Black "Hamid, Emran"]
[Result "0-1"]
[WhiteElo "2069"]
[BlackElo "2143"]
[PlyCount "50"]
[EventDate "2017.07.26"]
[EventType "swiss"]
[EventRounds "7"]
[EventCountry "GER"]
[SourceTitle "CBM 179 Extra"]
[Source "ChessBase"]
[SourceDate "2017.08.23"]
[SourceVersion "1"]
[SourceVersionDate "2017.08.23"]
[SourceQuality "1"]

1. Nf3 c5 2. c4 Nc6 3. b3 Nf6 4. g3 d5 5. Bg2 d4 6. d3 e5 7. 0-0 Be7 8. e4 dxe3 9. fxe3 Bg4 10. h3 Bxf3 11. Bxf3 Qd7 12. Bxc6 bxc6 13. Qf3 0-0 14. Bb2 Qxh3 15. Rf2 Ng4 16. Rg2 Bg5 17. Bc1 f5 18. Nc3 e4 19. Qe2 Ne5 20. dxe4 fxe4 21. Nxe4 Bxe3+ 22. Bxe3 Nf3+ 23. Qxf3 Rxf3 24. Ng5 Qxg2+ 25. Kxg2 Rxe3 0-1

[Event "Verbandsliga Nordbaden 1617"]
[Site "Baden"]
[Date "2017.05.14"]
[Round "9.2"]
[White "Hamid, Emran"]
[Black "Libiszewski, Fabien"]
[Result "0-1"]
[WhiteElo "2085"]
[BlackElo "2543"]
[PlyCount "58"]
[EventDate "2016.10.09"]
[EventType "team-tourn"]
[EventRounds "9"]
[EventCountry "GER"]
[SourceTitle "EXT 2022"]
[Source "ChessBase"]
[SourceDate "2021.10.06"]
[SourceVersion "1"]
[SourceVersionDate "2021.10.06"]
[SourceQuality "1"]
[WhiteTeam "Pforzheim"]
[BlackTeam "Viernheim II"]
[WhiteTeamCountry "GER"]
[BlackTeamCountry "GER"]

1. e4 e6 2. d4 d5 3. Nc3 Nf6 4. Bg5 dxe4 5. Nxe4 Be7 6. Nxf6+ Bxf6 7. Bxf6 Qxf6 8. Nf3 0-0 9. Bd3 c5 10. c3 cxd4 11. Nxd4 e5 12. Nb5 e4 13. Be2 Nc6 14. Qd6 Be6 15. Qc5 Rad8 16. Qe3 a6 17. Na3 Ne5 18. 0-0 Qg6 19. Nc2 f5 20. Qf4 Bc4 21. Bxc4+ Nxc4 22. b3 Nb2 23. Nd4 Nd3 24. Qg3 Qe8 25. Rad1 f4 26. Qh3 Rd6 27. f3 Rh6 28. Qg4 Ne5 29. Qg5 Rh5 0-1

[Event "Untergrombach op 34th"]
[Site "Untergrombach"]
[Date "2017.01.06"]
[Round "6"]
[White "Vautrin, Stefan"]
[Black "Hamid, Emran"]
[Result "1/2-1/2"]
[WhiteElo "2148"]
[BlackElo "2085"]
[PlyCount "81"]
[EventDate "2017.01.03"]
[EventType "swiss"]
[EventRounds "7"]
[EventCountry "GER"]
[SourceTitle "CBM 176 Extra"]
[Source "ChessBase"]
[SourceDate "2017.03.02"]
[SourceVersion "1"]
[SourceVersionDate "2017.03.02"]
[SourceQuality "1"]

1. c4 Nf6 2. Nc3 c5 3. g3 d5 4. cxd5 Nxd5 5. Bg2 Nc7 6. d3 Nc6 7. Nf3 e5 8. 0-0 Be7 9. Nd2 Bd7 10. Nc4 f6 11. f4 0-0 12. Nd5 Nxd5 13. Bxd5+ Kh8 14. Bg2 Rc8 15. fxe5 fxe5 16. Rxf8+ Bxf8 17. Be3 Qe8 18. Rc1 b5 19. Nd2 Nd4 20. Ne4 Bg4 21. Bf3 Be6 22. b3 Qd7 23. Bxd4 exd4 24. Qd2 Bd6 25. Qg5 Qe7 26. Qd2 b4 27. Nxd6 Qxd6 28. Qg5 Bg8 29. Be4 Rc7 30. Qf5 g6 31. Qg5 Kg7 32. Kg2 h6 33. Qf4 Qxf4 34. gxf4 a5 35. Rc2 Kf6 36. Kf3 Bf7 37. h4 Ke7 38. e3 dxe3 39. Kxe3 Kf6 40. Rg2 Ra7 41. Rc2 1/2-1/2

[Event "Verbandsliga Nordbaden 1617"]
[Site "Baden"]
[Date "2016.10.23"]
[Round "2.2"]
[White "Hamid, Emran"]
[Black "Heinrich, Thomas"]
[Result "1-0"]
[WhiteElo "2085"]
[BlackElo "2215"]
[PlyCount "111"]
[EventDate "2016.10.09"]
[EventType "team-tourn"]
[EventRounds "9"]
[EventCountry "GER"]
[SourceTitle "EXT 2022"]
[Source "ChessBase"]
[SourceDate "2021.10.06"]
[SourceVersion "1"]
[SourceVersionDate "2021.10.06"]
[SourceQuality "1"]
[WhiteTeam "Pforzheim"]
[BlackTeam "Tauberbischofsheim"]
[WhiteTeamCountry "GER"]
[BlackTeamCountry "GER"]

1. e4 Nf6 2. d3 d5 3. e5 Nfd7 4. d4 e6 5. Be3 c5 6. c3 Nc6 7. a3 cxd4 8. cxd4 f6 9. exf6 Qxf6 10. Nc3 Bd6 11. Nf3 0-0 12. Bd3 Ne7 13. Bg5 Qf7 14. Qc2 h6 15. Bxe7 Qxe7 16. 0-0-0 Nf6 17. Kb1 Bd7 18. Rhe1 Be8 19. Re2 Rc8 20. Qb3 Rc6 21. Na4 Bh5 22. Rde1 Ne4 23. Bxe4 dxe4 24. Rxe4 Bg6 25. Ka2 Bxe4 26. Rxe4 Rf6 27. d5 Ra6 28. dxe6 Kh8 29. Nc3 Rb6 30. Qc4 Rc6 31. Qe2 Rc5 32. g4 Ra5 33. a4 Rf4 34. Rxf4 Bxf4 35. Qe4 Be5 36. Nxe5 Qxe6+ 37. Nc4 Rxa4+ 38. Kb3 Qxe4 39. Nxe4 Ra1 40. h4 g6 41. Ng3 Kg7 42. h5 gxh5 43. Nxh5+ Kg6 44. f4 Rf1 45. Ne5+ Kh7 46. Kc4 Rc1+ 47. Kd5 Rb1 48. Ke6 Rxb2 49. Kf7 Rb6 50. Nf6+ Rxf6+ 51. Kxf6 a5 52. g5 hxg5 53. fxg5 a4 54. g6+ Kg8 55. g7 a3 56. Ng6 1-0

[Event "Verbandsliga Nordbaden 1516"]
[Site "Baden"]
[Date "2016.02.14"]
[Round "6.3"]
[White "Hamid, Emran"]
[Black "Schwingen, Dominik"]
[Result "1-0"]
[WhiteElo "2061"]
[BlackElo "1818"]
[PlyCount "87"]
[EventDate "2015.09.27"]
[EventType "team-tourn"]
[EventRounds "9"]
[EventCountry "GER"]
[SourceTitle "EXT 2022"]
[Source "ChessBase"]
[SourceDate "2021.10.06"]
[SourceVersion "1"]
[SourceVersionDate "2021.10.06"]
[SourceQuality "1"]
[WhiteTeam "Pforzheim"]
[BlackTeam "Ettlingen II"]
[WhiteTeamCountry "GER"]
[BlackTeamCountry "GER"]

1. e4 e6 2. d4 d5 3. Nc3 Bb4 4. e5 c5 5. a3 Bxc3+ 6. bxc3 Ne7 7. Nf3 Qc7 8. Bd3 Nf5 9. 0-0 Nc6 10. Be3 Nce7 11. Qd2 0-0 12. g4 Nxe3 13. Qxe3 f6 14. exf6 Rxf6 15. g5 Rf8 16. dxc5 Qf4 17. Ne5 Nc6 18. Rae1 Nxe5 19. Qxe5 Bd7 20. Qxf4 Rxf4 21. Re5 Rc8 22. Rb1 Bc6 23. Rb4 Rcf8 24. Re2 e5 25. Rxe5 Rxf2 26. Rd4 R2f4 27. Re3 Rxd4 28. cxd4 Rf4 29. c3 Rg4+ 30. Rg3 Rf4 31. Kg2 Rf8 32. Re3 Rf7 33. Kg3 Rd7 34. Re5 g6 35. Kf4 Rf7+ 36. Ke3 Kg7 37. c4 Rd7 38. cxd5 Bxd5 39. Be4 Bxe4 40. Kxe4 Kf7 41. d5 b6 42. c6 Rc7 43. Kd4 a6 44. a4 1-0

[Event "Verbandsliga Nordbaden 1415"]
[Site "Baden"]
[Date "2014.11.23"]
[Round "3.2"]
[White "Hamid, Emran"]
[Black "Richter, Georg"]
[Result "1-0"]
[WhiteElo "2028"]
[BlackElo "2186"]
[PlyCount "91"]
[EventDate "2014.10.12"]
[EventType "team-tourn"]
[EventRounds "9"]
[EventCountry "GER"]
[SourceTitle "EXT 2022"]
[Source "ChessBase"]
[SourceDate "2021.10.06"]
[SourceVersion "1"]
[SourceVersionDate "2021.10.06"]
[SourceQuality "1"]
[WhiteTeam "Pforzheim"]
[BlackTeam "Leimen"]
[WhiteTeamCountry "GER"]
[BlackTeamCountry "GER"]

1. e4 d6 2. d4 Nf6 3. Nc3 g6 4. f4 Bg7 5. Nf3 0-0 6. Bd3 c6 7. Be3 b5 8. Qd2 a5 9. h3 Bb7 10. e5 b4 11. Ne4 Nd5 12. Bf2 Na6 13. c4 bxc3 14. bxc3 Qc7 15. a3 c5 16. c4 Nb6 17. d5 Nd7 18. exd6 exd6 19. Rb1 Rfb8 20. 0-0 Nf6 21. Nc3 Qd7 22. Bc2 Nc7 23. Ba4 Qc8 24. Bh4 Ba6 25. Bxf6 Bxf6 26. Ne4 Be7 27. Qc3 Rxb1 28. Rxb1 Qf5 29. Nfd2 Rc8 30. Qe3 Bxc4 31. Nxc4 Nxd5 32. Qf3 Qxf4 33. Qxf4 Nxf4 34. Nexd6 Rd8 35. Nb7 Rd4 36. Nbxa5 Ne2+ 37. Kh1 Nc3 38. Rb8+ Kg7 39. Bb3 Bh4 40. Rb7 Ne2 41. Ne5 c4 42. Nf3 Bf2 43. g4 Rd3 44. Rxf7+ Kg8 45. Bxc4 Rxa3 46. Re7+ 1-0

[Event "Verbandsliga Nord Baden 1314"]
[Site "Germany"]
[Date "2014.01.12"]
[Round "4.6"]
[White "Hamid, Emran"]
[Black "Mueller, Erich2222"]
[Result "1/2-1/2"]
[WhiteElo "1893"]
[BlackElo "2131"]
[PlyCount "125"]
[EventDate "2013.10.20"]
[EventType "team-tourn"]
[EventRounds "9"]
[EventCountry "GER"]
[SourceTitle "EXT 2015"]
[Source "ChessBase"]
[SourceDate "2014.11.20"]
[SourceVersion "1"]
[SourceVersionDate "2014.11.20"]
[SourceQuality "1"]
[WhiteTeam "Pforzheim"]
[BlackTeam "Ladenburg"]
[WhiteTeamCountry "GER"]
[BlackTeamCountry "GER"]

1. e4 c5 2. c3 Nf6 3. e5 Nd5 4. d4 cxd4 5. cxd4 e6 6. Nf3 Nc6 7. Bc4 d6 8. 0-0 dxe5 9. dxe5 Nb6 10. Bb5 Qxd1 11. Rxd1 Bd7 12. Nc3 Bb4 13. Bd2 Bxc3 14. Bxc3 Nxe5 15. Bxd7+ Nexd7 16. Bxg7 Rg8 17. Bh6 Rc8 18. Rac1 Ke7 19. h3 Nd5 20. Kh2 Rc5 21. Bg5+ f6 22. Bh4 Rgc8 23. Rxc5 Rxc5 24. Rd2 a6 25. g4 Kf7 26. Nd4 Ne5 27. Bg3 Ng6 28. Ne2 Rc4 29. f4 Ngxf4 30. Nxf4 Nxf4 31. Bxf4 Rxf4 32. Rd7+ Kg6 33. Rxb7 e5 34. Kg3 Rd4 35. Rb6 a5 36. Rb5 a4 37. Rb6 Rd3+ 38. Kh4 a3 39. bxa3 Rxa3 40. Rb2 Ra4 41. Rf2 h5 42. Rc2 hxg4 43. hxg4 Rf4 44. Re2 Rf3 45. Rb2 Kf7 46. Rg2 Ra3 47. Rb2 Ra6 48. g5 fxg5+ 49. Kxg5 Ke6 50. Kg4 Kd5 51. Kf3 Ra3+ 52. Ke2 Ke4 53. Rb4+ Kf5 54. Rb2 Kf4 55. Kf2 e4 56. Rb3 Rxa2+ 57. Ke1 Rh2 58. Ra3 Rh5 59. Ke2 Rb5 60. Rc3 Rb2+ 61. Ke1 Ke5 62. Ra3 Kd4 63. Rh3 1/2-1/2